000 00854cad a22002055a 4500
001 L156999
008 120808s2012 xxk f 000 0 eng d
035 _a(Sirsi) u156999
041 0 _aeng
110 2 _aKnight Frank
_91530
245 0 0 _aPrime central London prices hit new high but pace of growth slows
_h[electronic resource]
260 _aLondon
_cKnight Frank
_b2012
490 0 _aKnight Frank Prime Central London Sales Index
_vJuly 2012
520 _aPrime central London residential prices rose by 0.5% in July but the pace of growth slowed down. London continues to be regarded as a safe haven for overseas investors.
590 _aKA NTK
651 4 _aLONDON
690 _aResidential property
_96266
856 4 0 _uhttps://knightfrank.com/research/
_zView the item free of charge under research at knightfrank.com/research
942 _n0
999 _c114538
_d114538